000 02457nam0a2200409 4500
001 RU\NLR\BIBL_A\016218504
005 20221212121836.0
010 _a978-5-9704-6911-8
_91000
021 _aRU
_bКН-П-22-074071
_9КН-П-22-6447
035 _a(NLR Aleph) 016218504
035 _a(RuMoRGB)011303982
090 _a12730543
_c12730543
100 _a20221125d2022 u y0rusy50 ca
101 0 _arus
102 _aRU
105 _ay|||j|||001zy
181 0 _ai
_baxxe
182 0 _an
200 1 _aИнфекционные болезни
_eучебник
_eдля использования в учебном процессе образовательных организаций, реализующих основные программы высшего образования по направлению подготовки 31.05.01 "Лечебное дело",
_fН. Д. Ющук, Г. Н. Кареткина, М. М. Гаджикулиева
_gМинистерство науки и высшего образования РФ
203 _aТекст
_bвизуальный
_cнепосредственный
205 _a6-е изд., перераб. и доп.
210 _aМосква
_cГЭОТАР-Медиа
_d2022
215 _a517, [1] с.
_d22
225 1 _aУчебник для медицинских училищ и колледжей
300 _aНа обороте тит. с. авт.: Ющук Н. Д. - д-р мед. наук, проф., акад. РАН, Кареткина Г. Н. - канд. мед. наук, доц., Гаджикулиева М. М. - д-р мед. наук, проф.
320 _aБиблиогр.: с. 514
320 _aПредм. указ. в конце кн.
325 1 _aЭлектронная версия : DOI: 10.33029/9704-6911-8-INF-2022-1-520
606 1 _aИнфекционные болезни
_jУчебники для среднего профессионального образования
_9907599
_3RU\NLR\AUTH\6611173
686 1 _aР51я72-1
700 1 _4340
_7ca
_8rus
_aЮщук
_bН. Д.
_cд-р мед. наук
_f1940-2023
_gНиколай Дмитриевич
_9166064
_3RU\NLR\AUTH\770166111
701 1 _aКареткина
_bГ. Н.
_gГалина Николаевна
701 1 _aГаджикулиева
_bМ. М.
_gМадина Маратовна
942 _cBOOK
980 _aNB